Danse avec les Stars - Partenaires de Ines Vandamme - Statistiques

Statistiques générales
  • Ce quiz a été pris 158 fois
  • Le résultat moyen est 3 sur 5
Statistiques - réponses
Saisons Professions Célébrités % Correct
Saison 14 Chanteur Jungeli
95%
Saison 13 Tiktokeur Nico Capone
87%
Saison 10 Athlète Ladji Doucouré
63%
Saison 12 Humoriste Florent Peyre
59%
Saison 11 Acteur Jean-Baptiste Maunier
34%
Aucun quiz correspondant
Distribution des résultats
% des personnes avec chaque résultat
Percentile par nombre de réponses
Votre historique - résultats
Vous n’avez pas pris ce quiz